Carcterización de la operación de un reactor de lecho percolador para su uso en el tratamiento de aguas residuales mediante ozonación catalítica heterogénea
Na minha lista:
| Autor principal: | |
|---|---|
| Formato: | Livro |
| Idioma: | Spanish |
| Publicado em: |
San José, Costa Rica
2015
|
| Assuntos: | |
| Tags: |
Adicionar Tag
Sem tags, seja o primeiro a adicionar uma tag!
|
MARC
| LEADER | 00000nam a22000007a 4500 | ||
|---|---|---|---|
| 003 | 012241 | ||
| 005 | 20221231143911.0 | ||
| 008 | 150821b2015 cr a|||| |||| 00| 0 spa d | ||
| 040 | |c cru CEDI | ||
| 090 | |a TFG 7406 | ||
| 100 | |9 1043 |a Briceño Meza, Luis Alejandro | ||
| 245 | |a Carcterización de la operación de un reactor de lecho percolador para su uso en el tratamiento de aguas residuales mediante ozonación catalítica heterogénea | ||
| 260 | |a San José, Costa Rica |c 2015 | ||
| 500 | |a Proyecto de graduación (licenciatura en ingeniería química)--Universidad de Costa Rica. Facultad de Ingeniería. Escuela de Ingeniería Química | ||
| 650 | |x OZONO |x REACCIONES QUIMICAS |x OZONIZACION DEL AGUA |x PURIFICACION DE AGUAS RESIDUALES |x PURIFICACIÓN DE AGUAS RESIDUALES - OXIDACIÓN |x CATALIZADORES |x OZONIZACION DEL AGUA |9 1044 | ||
| 942 | |c TFG | ||
| 999 | |c 13951 |d 13951 | ||
